Introduction to microsystem packaging technology (Record no. 6817)

MARC details
000 -LEADER
fixed length control field 00671nam a22002417a 4500
003 - CONTROL NUMBER IDENTIFIER
control field OSt
005 - DATE AND TIME OF LATEST TRANSACTION
control field 20220107122900.0
008 - FIXED-LENGTH DATA ELEMENTS--GENERAL INFORMATION
fixed length control field 201022b xxu||||| |||| 00| 0 eng d
020 ## - INTERNATIONAL STANDARD BOOK NUMBER
International Standard Book Number 9781138374256
040 ## - CATALOGING SOURCE
Transcribing agency IIITMK
082 ## - DEWEY DECIMAL CLASSIFICATION NUMBER
Classification number 621.381046 JIN/I
100 ## - MAIN ENTRY--PERSONAL NAME
Personal name Jin, Yufeng
9 (RLIN) 18439
245 ## - TITLE STATEMENT
Title Introduction to microsystem packaging technology
260 ## - PUBLICATION, DISTRIBUTION, ETC.
Place of publication, distribution, etc. New York,
Name of publisher, distributor, etc. CRC Press,
Date of publication, distribution, etc. 2011.
300 ## - PHYSICAL DESCRIPTION
Extent xiii,218p.
650 ## - SUBJECT ADDED ENTRY--TOPICAL TERM
Topical term or geographic name entry element MICROELECTRONIC PACKAGING
9 (RLIN) 18440
650 ## - SUBJECT ADDED ENTRY--TOPICAL TERM
Topical term or geographic name entry element MEMS
9 (RLIN) 18441
650 ## - SUBJECT ADDED ENTRY--TOPICAL TERM
Topical term or geographic name entry element INTERCONNECTION TECHNOLOGY
9 (RLIN) 18442
650 ## - SUBJECT ADDED ENTRY--TOPICAL TERM
Topical term or geographic name entry element OPTOELECTRONICS
9 (RLIN) 18443
700 ## - ADDED ENTRY--PERSONAL NAME
Personal name Wang, Zhiping
9 (RLIN) 18444
700 ## - ADDED ENTRY--PERSONAL NAME
Personal name Chen, Jing
9 (RLIN) 18445
942 ## - ADDED ENTRY ELEMENTS (KOHA)
Source of classification or shelving scheme Dewey Decimal Classification
Koha item type Books
Holdings
Withdrawn status Lost status Source of classification or shelving scheme Damaged status Not for loan Collection code Home library Current library Shelving location Date acquired Cost, normal purchase price Total Checkouts Full call number Barcode Date last seen Date last checked out Price effective from Koha item type
    Dewey Decimal Classification     General Kerala University of Digital Sciences, Innovation and Technology Knowledge Centre Kerala University of Digital Sciences, Innovation and Technology Knowledge Centre Applied Electronics 22/10/2020 3817.00 2 621.381046 JIN/I 5725 27/01/2023 16/01/2023 22/10/2020 Books